| 000 | 02530 a2200241 4500 | ||
|---|---|---|---|
| 001 | 11218 | ||
| 003 | IN-BhIIT | ||
| 005 | 20250811113946.0 | ||
| 008 | 250811b |||||||| |||| 00| 0 eng d | ||
| 020 | _a9781107030596 (hbk.) | ||
| 040 | _aIN-BhIIT | ||
| 041 | _aeng | ||
| 082 |
_a551.49 _bJIA/C |
||
| 100 |
_aJiao, Jimmy _eAuthor _926288 |
||
| 245 |
_aCoastal hydrogeology / _cJimmy Jiao and Vincent Post. |
||
| 260 |
_aNew York : _bCambridge University Press, _c2019. |
||
| 300 |
_axvi, 403 p. : _bill. ; _c24 cm. |
||
| 500 | _aJimmy Jiao is a Professor of Hydrogeology in the Department of Earth Sciences at The University of Hong Kong and has over twenty years of teaching and research experience in various topics in coastal hydrogeology. He was the 2011 recipient of the John Hem Excellence in Science and Engineering Award from the National Groundwater Association for outstanding scientific or engineering contributions to the understanding of ground water. Dr Jiao is a Fellow of the Geological Society of London, the Geological Society of America, and the American Society of Civil Engineers. He has provided consultancy services to industry and government organizations regarding various coastal groundwater issues. Dr Jiao was an Associate Editor (2004-08) and Editor (2008-15) of the Hydrogeology Journal and Associate Editor (2002-08) for Groundwater. | ||
| 520 | _aWater resources are of enormous societal and ecological importance. In coastal areas, they are under ever greater pressure due to population growth, more affluent lifestyles, food production and the growing tourism industry. Changes to the coastal landscape, through urbanisation and land reclamation, and by natural processes such as climate change and sea level rise, modify the interaction between seawater and groundwater and put water resources at risk. This comprehensive volume covers both theory and practice of coastal hydrogeology. It discusses hydrochemistry; submarine groundwater discharge; groundwater management; palaeo-hydrology; land reclamation; climate change and sea level rise; and mathematical models of variable-density flow. With its up-to-date coverage and numerous case studies that illustrate practical implications, it is perfect for students, practitioners, managers and researchers who wish to develop an in-depth understanding of topics relevant to sustainably managing coastal groundwater resources. | ||
| 650 |
_aHydrology _xHydrogeology. _926289 |
||
| 700 |
_aPost, Vincent _eJoint author _926290 |
||
| 942 | _cTRB | ||
| 999 |
_c14662 _d14662 |
||